<?xml version="1.0" encoding="UTF-8"?>
<collection xmlns="http://www.loc.gov/MARC21/slim">
 <record>
  <leader>01400nam a2200205Ia 4500</leader>
  <controlfield tag="001">CTU_161430</controlfield>
  <controlfield tag="008">210402s9999    xx            000 0 und d</controlfield>
  <datafield tag="082" ind1=" " ind2=" ">
   <subfield code="a">341.23</subfield>
  </datafield>
  <datafield tag="082" ind1=" " ind2=" ">
   <subfield code="b">U58</subfield>
  </datafield>
  <datafield tag="110" ind1=" " ind2=" ">
   <subfield code="a">The United Nations Office at Geneva</subfield>
  </datafield>
  <datafield tag="245" ind1=" " ind2="0">
   <subfield code="a">Common effort for a better future 2008 :</subfield>
  </datafield>
  <datafield tag="245" ind1=" " ind2="0">
   <subfield code="b">Annual report = Unis dans l'effort, pour un avenir meileur 2008 : Rapport annuel</subfield>
  </datafield>
  <datafield tag="245" ind1=" " ind2="4">
   <subfield code="c">The United Nations office at Geneva</subfield>
  </datafield>
  <datafield tag="260" ind1=" " ind2=" ">
   <subfield code="a">Geneva</subfield>
  </datafield>
  <datafield tag="260" ind1=" " ind2=" ">
   <subfield code="b">Nations Unies</subfield>
  </datafield>
  <datafield tag="260" ind1=" " ind2=" ">
   <subfield code="c">2008</subfield>
  </datafield>
  <datafield tag="520" ind1=" " ind2=" ">
   <subfield code="a">As an expanding multilateral platform, the United Nations Office at Geneva (UNOG) provides an indispensable infrastructure for collective action and helps to facilitate collaborative efforts with all stakeholders to confront these challenges. This Annual Report outlines UNOG’s role in the international community’s joint work towards a better future for all and provides an overview of our activities throughout 2008 in support of this objective. The Annual Report also identifies particular areas of concern and forward-looking priorities that will guide our work over the following years.</subfield>
  </datafield>
  <datafield tag="650" ind1=" " ind2=" ">
   <subfield code="a">International cooperation,International relations,International organization,Hợp tác quốc tế,Quan hệ quốc tế,Tổ chức quốc tế</subfield>
  </datafield>
  <datafield tag="904" ind1=" " ind2=" ">
   <subfield code="i">Linh Cát, Trọng Hiếu</subfield>
  </datafield>
  <datafield tag="980" ind1=" " ind2=" ">
   <subfield code="a">Trung tâm Học liệu Trường Đại học Cần Thơ</subfield>
  </datafield>
 </record>
</collection>
